| 000 | 00488nam a2200169Ia 4500 | ||
|---|---|---|---|
| 999 |
_c19902 _d19902 |
||
| 003 | OSt | ||
| 005 | 20200702151335.0 | ||
| 008 | 190216s9999||||xx |||||||||||||| ||und|| | ||
| 020 | _a0674779657 | ||
| 040 | _coclc | ||
| 082 |
_a947 _bDAN/R |
||
| 100 |
_aDaniels, Robert V _93478 |
||
| 245 | 0 |
_aRussia The Roots Of Confrontation / _cRobert V Daniels |
|
| 260 |
_bHarward Unty Press, _c1985. _aEngland: |
||
| 300 | _a411p | ||
| 942 |
_cBK _2ddc _h947 _iDAN/R _k947 _mDAN/R |
||